[Event "Sharjah Master 2024"]
[Site "Shsrjah - Abu Dhabi"]
[Date "2024.05.20"]
[Round "7.1"]
[White "Aravindh, Chithambaram VR."]
[Black "Daneshvar, Bardiya"]
[Result "0-1"]
[WhiteElo "2670"]
[BlackElo "2581"]
[PlyCount "82"]
[EventDate "2024.05.14"]
[EventCountry "UAE"]

{[%evp 10,82,43,12,24,9,14,10,13,14,16,7,15,8,11,0,16,21,19,7,44,24,49,52,61,59,62,59,108,41,60,60,50,46,68,76,73,73,126,126,195,170,198,198,198,193,203,203,195,185,185,150,145,132,134,130,138,87,90,-247,-246,-239,-41,-38,-35,-32,-30,-26,-25,-100,-111,-112,-102,-643,-627]} 1. Nf3 d5 2. g3 c5 3. Bg2 Nc6 4. d4 e6 5. O-O Nf6 6. b3 Bd7 7. Bb2 Rc8 $146 ({RR} 7... Be7 8. e3 O-O 9. Nbd2 b5 10. c4 bxc4 11. bxc4 Rb8 12. Bc3 dxc4 13. dxc5 Nd5 14. Rc1 Ncb4 15. Be5 Nxa2 16. Ra1 (16. Rxc4 $14 Bb5 17. Qa1 Bxc4 18. Nxc4) 16... Ndc3 $1 17. Qc2 $2 (17. Qe1 $1 $11 {and White stays safe.}) 17... Ba4 18. Rxa2 Bxc2 19. Rxc2 Ne2+ 20. Kh1 Rb4 21. Ne4 c3 22. Ne1 {Sredojevic,I (2246)-Slugin,A (2138) Banja Luka BIH 2024 1-0 (50)}) 8. Nbd2 cxd4 {The position is equal.} 9. Nxd4 Nxd4 10. Bxd4 Bc5 11. Bb2 O-O 12. c4 Bc6 13. Rc1 {aiming for cxd5.} Be7 14. e3 a5 15. a4 Bb4 16. cxd5 Nxd5 17. Nc4 Qe7 18. Qe2 f6 19. Qh5 $6 {Inaccuracy. Rfd1 was best.} (19. Rfd1 Rcd8 20. e4 Nc7 21. Bd4 e5 22. Bb6 Rxd1+ 23. Rxd1 Ne6 24. Ne3 Nd4) (19. Rfd1 $16) 19... e5 20. Rfd1 Rcd8 21. Qe2 Qe6 22. e4 Ne7 23. Bc3 $36 {[%mdl 2048] White is in control.} Bxc3 $6 {Inaccuracy. Rxd1+ was best.} (23... Rxd1+) 24. Rxc3 Ra8 (24... Rxd1+ $16 25. Qxd1 Qd7 26. Qxd7 Bxd7) 25. Rd6 Qf7 26. Qd2 Nc8 27. Rdd3 Qc7 28. Ne3 Kh8 29. Nd5 Qf7 30. Rc5 Nd6 31. Nc3 Ne8 32. Nd5 Nd6 33. f3 $6 {Inaccuracy. g4 was best.} (33. g4 Rad8 34. Rxa5 Qe6 35. h3 Nf7 36. b4 h6 37. Qd1 Qe8 38. h4 Rd6) 33... f5 34. h4 $4 {Blunder. Rc1 was best.} (34. Rc1 Rad8) (34. Rc1 $16 {stays on course.}) 34... fxe4 $19 35. Re3 {[#]} (35. fxe4 Nxe4 $1 {[%mdl 512]} 36. Qc2 Nxc5 $19) 35... Rad8 $4 {Blunder. Nf5 was best.} (35... Nf5 $1 36. fxe4 Nxe3 37. Qxe3 h6 38. Rc2 Rac8 39. Nb6 Rcd8 40. Nd5 Qg6 41. Rd2) ({Less strong is} 35... exf3 36. Rxf3 Qg6 37. Ne7 $15) ({Black should play} 35... Nf5 $1 $19 {[%cal Rf5e3]} 36. fxe4 Nxe3 37. Qxe3 Bxd5 38. exd5 e4 $1 {[%mdl 512]}) 36. fxe4 $15 {[#]} Nxe4 $1 {[%mdl 512]} 37. Rxe4 Rxd5 38. Rxd5 Bxd5 39. Rxe5 $6 {Inaccuracy. Re3 was best.} (39. Re3) (39. Re3 $11) 39... Bxg2 $17 ({But not} 39... Bxb3 $6 40. Qxa5 Qf6 41. Rb5 $11) 40. Qxg2 Qxb3 41. Rxa5 $4 {Blunder. Kh2 was best.} (41. Kh2) (41. Kh2 $17) 41... Qb6+ {[%mdl 64] Double Attack. Accuracy: White = 62%, Black = 71%.} 0-1

[Event "Sharjah Master 2024"]
[Site "Shsrjah - Abu Dhabi"]
[Date "2024.05.20"]
[Round "7.2"]
[White "Tabatabaei, M. Amin"]
[Black "Sarana, Alexey"]
[Result "1/2-1/2"]
[WhiteElo "2707"]
[BlackElo "2706"]
[PlyCount "143"]
[EventDate "2024.05.14"]
[EventCountry "UAE"]

{[%evp 0,143,18,13,22,-11,-11,-11,-11,-22,3,-10,20,20,61,33,29,22,26,-20,1,-5,3,13,9,-52,-35,-16,6,10,10,-13,-4,-35,-12,-12,-24,-58,-33,-31,-17,5,5,5,33,-20,-2,3,3,3,7,-7,-8,-5,-5,-6,-6,-21,5,6,12,23,20,12,14,12,9,7,12,15,20,7,20,7,17,18,-4,10,3,26,9,-26,11,11,24,28,28,0,28,22,32,42,43,35,35,34,37,45,47,62,91,76,76,119,123,129,133,105,89,89,151,89,195,66,69,74,74,72,72,71,54,48,53,49,63,57,31,15,17,30,87,63,34,29,31,0,0,0,0,0,0,0,0,0,0,0]} 1. d4 Nf6 2. c4 e6 3. Nf3 d5 4. g3 Bb4+ $146 5. Bd2 Be7 6. Bg2 Nbd7 7. O-O O-O 8. b3 c6 9. Bc3 b6 10. Bb2 Bb7 11. Nc3 c5 12. Ne1 Rc8 13. Nc2 ({RR} 13. Rc1 cxd4 14. Qxd4 Nc5 15. cxd5 exd5 16. Nf3 Nce4 17. Qd3 Re8 18. Nd4 a6 19. e3 b5 20. Nf5 Bf8 21. Rfd1 Ng4 22. Nxe4 dxe4 23. Qxd8 Rexd8 24. Rxd8 Rxd8 25. Rc7 Bd5 26. h3 Nf6 27. Ne7+ Bxe7 {Chigaev,M (2617)-Guerra Mendez,J (2494) Barcelona ESP 2024 1-0 (39)}) 13... Ne4 14. cxd5 exd5 15. Rb1 Ndf6 16. Rc1 Nxc3 17. Bxc3 Ne4 18. Ba1 Re8 19. dxc5 bxc5 20. Bxe4 dxe4 21. Ne3 Qb6 22. Qd7 Rcd8 23. Qg4 Qg6 24. Qxg6 hxg6 25. Rc2 Rd7 26. Rfc1 Red8 27. Kf1 Rd2 28. Bb2 Rxc2 29. Rxc2 f6 30. Ba3 Rc8 31. h4 Kf7 32. Nc4 Ke6 33. Bc1 Ba6 34. Be3 Bb5 35. Ke1 Kd5 36. Kd1 Rc6 37. Kc1 f5 38. Bf4 Bf6 $2 {Mistake. Bxc4 was best.} (38... Bxc4 39. Rxc4) 39. Bb8 $2 {Mistake. Ne3+ was best.} (39. Ne3+) 39... Bxc4 40. Rxc4 a6 41. Bf4 Bd4 42. Kd2 Rb6 43. Ra4 Kc6 44. Be3 Be5 45. Ra5 Bd6 46. Kc2 Kd5 47. Bd2 Rc6 48. Bc3 f4 49. g4 f3 50. exf3 exf3 51. Kd3 Bc7 52. Ra4 Re6 53. Bxg7 Re2 54. Rxa6 $6 {Inaccuracy. Rc4 was best.} (54. Rc4 Bd8) 54... Rxf2 55. Ke3 Rg2 56. Kxf3 Rg3+ 57. Kf2 Rxg4 58. Bf6 c4 59. bxc4+ Rxc4 60. Bg5 Ke4 61. Ke2 Be5 62. Kd2 Rb4 63. Rc6 Rb2+ 64. Rc2 Rxc2+ 65. Kxc2 Kd5 66. Kd3 Bg3 67. a4 Kc6 68. Ke4 Bxh4 69. Bxh4 Kb6 70. Kf4 Ka5 71. Kg5 Kxa4 72. Kxg6 1/2-1/2

[Event "Sharjah Master 2024"]
[Site "Shsrjah - Abu Dhabi"]
[Date "2024.05.20"]
[Round "?"]
[White "Niemann, Hans Moke"]
[Black "Shankland, Sam"]
[Result "0-1"]
[WhiteElo "2688"]
[BlackElo "2671"]
[PlyCount "92"]
[EventDate "2024.05.14"]
[EventCountry "UAE"]

{[%evp 13,92,22,25,23,29,15,17,17,28,28,23,21,33,-64,-60,-82,-71,-102,-34,-40,-37,-34,-28,-44,-9,-17,-2,0,-1,-5,-5,-23,-23,-23,-23,-23,-23,-23,-23,-23,-23,-23,-23,-24,-25,-43,-24,-26,0,0,-1,-751,-751,-734,-734,-689,-727,-727,-723,-716,-653,-29965,-29967,-29966,-29967,-792,-734,-29966,-29964,-29979,-29980,-29980,-29981,-29982,-29983,-29987,-29988,-29988,-29989,-29989,-29990]} 1. e4 c5 2. Nf3 e6 3. d4 cxd4 4. Nxd4 Nf6 5. Bd3 Nc6 6. Nxc6 dxc6 7. Be3 e5 8. h3 Be6 9. O-O $146 ({RR} 9. Nd2 Be7 10. a4 O-O 11. O-O Qc7 12. Qe2 Rfd8 ({RR} 12... a5 13. Kh1 Bd6 14. Bg5 Be7 (14... Nd7 $11 {keeps the balance.}) 15. Be3 (15. f4 $16) 15... Bd6 16. Qf3 Rfd8 17. Nc4 Bxc4 18. Bxc4 Rab8 19. Ba7 Ra8 20. Be3 Rab8 21. Bb3 b5 (21... Qe7 $14) 22. Rfd1 Be7 23. g4 Rxd1+ 24. Rxd1 bxa4 25. Bxa4 Rb4 26. b3 Nxe4 27. Qf5) ({RR} 12... Ne8 {12...fd8 0.26} 13. Bc4 Bd7 14. Qh5 (14. f4 $16) 14... Kh8 15. Bb3 f6 16. Kh1 Nd6 17. f4 Be8 18. Qg4 f5 19. Qf3 ({White should try} 19. Qe2 $14) 19... Bg6 (19... fxe4 $15 {stays ahead.} 20. Nxe4 Bf7) 20. fxe5 Nxe4 21. Nxe4 fxe4 22. Qg3 Rad8 23. Rad1 Rxd1) 13. Rfb1 Nd7 14. b4 Nf8 15. c3 Ng6 16. Bc4 Nf4 17. Bxf4 Bxc4 18. Qxc4 exf4 19. Nf3 Bf6 20. b5 Re8 21. a5 Qd7 22. e5 Bxe5 23. a6 Bf6 $2 {Sargsyan,S (2637)-Ghosh,D (2564) Dubai UAE 2024 1-0 (33)} (23... cxb5 $14 24. Rxb5 Bxc3 25. Rxb7 Rac8 26. Qxf4 Qe6)) ({RR} 9. Nd2 Be7 10. a4 O-O 11. O-O Qc7 12. Qe2 Rfd8 13. Rfb1 Nd7 14. b4 Nf8 15. c3 Ng6 16. Bc4 Nf4 17. Bxf4 Bxc4 18. Qxc4 exf4 19. Nf3 Bf6 20. b5 Re8 21. a5 Qd7 22. e5 Bxe5 23. a6 Bf6 $2 {Sargsyan,S (2637)-Ghosh,D (2560) Dubai Police Officers Club, A 2024 1-0 (33)} (23... cxb5 $14 24. Rxb5 Bxc3 25. Rxb7 Rac8 26. Qxf4 Qe6)) 9... Nd7 10. Qh5 {The position is equal.} Qf6 11. Nd2 Bc5 12. Nc4 Bxe3 13. fxe3 $6 {Inaccuracy. Nd6+ was best.} (13. Nd6+ Ke7 14. fxe3 Qg6 15. Nf5+ $1 Bxf5 16. Qh4+ Qf6 17. Qe1 Qd6 18. Rxf5 f6) (13. Nd6+ $14 Ke7 14. fxe3) 13... Qe7 $1 $15 14. a3 {[%cal Ba2a3,Ba3a4,Ba4a5][%mdl 32]} O-O 15. b4 ({But not} 15. Nxe5 $2 Qc5 $19) 15... f6 (15... a6 $17) 16. Qe2 Rac8 17. Rfb1 Rfd8 18. a4 Nb6 19. a5 Nxc4 20. Bxc4 Bxc4 21. Qxc4+ Qf7 22. Qxf7+ Kxf7 $11 {[%mdl 4096] Endgame KRR-KRR} 23. Rd1 Ke7 24. c4 Rxd1+ 25. Rxd1 Rd8 26. Rxd8 Kxd8 {KP-KP} 27. Kf2 Ke7 28. g4 Kf7 29. Kg3 b6 30. a6 b5 31. c5 $1 Kg6 32. h4 $4 {Blunder. Kh4 was best.} (32. Kh4) (32. Kh4 $11) 32... h5 $19 33. Kh3 {[#]} Kh6 $1 34. Kg3 hxg4 35. Kxg4 {[#]} g6 $1 36. h5 gxh5+ 37. Kf5 Kg7 38. Ke6 h4 39. Kd6 h3 {Threatens to win with ...h2.} 40. Kxc6 h2 {Black mates.} 41. Kb7 h1=Q 42. Kxa7 Qxe4 {[%mdl 64] Double Attack} 43. Kb8 $2 {Checkmate is now unavoidable. Kb6 was best.} (43. Kb6 Qa8 44. Kxb5 f5 45. Kc4 f4 46. c6 Qxc6+ 47. Kd3 Qxa6+ 48. Ke4 Qe2) 43... Qxb4 44. c6 Qc5 45. Kb7 $4 {Checkmate is now unavoidable. c7 was best.} (45. c7 Qb6+ 46. Kc8 Qxa6+ 47. Kd8 Qb6 48. Kd7 Qb7 49. Ke6 Qxc7 50. Kd5 Qc4+) 45... b4 46. a7 Qb5+ {Accuracy: White = 61%, Black = 83%.} 0-1

[Event "Sharjah Master 2024"]
[Site "Shsrjah - Abu Dhabi"]
[Date "2024.05.20"]
[Round "?"]
[White "Erigaisi Arjun"]
[Black "Maghsoodloo, Parham"]
[Result "1/2-1/2"]
[WhiteElo "2761"]
[BlackElo "2732"]
[PlyCount "103"]
[EventDate "2024.05.14"]
[EventCountry "UAE"]

1. d4 Nf6 2. c4 e6 3. Nc3 Bb4 4. f3 c5 5. d5 b5 6. e4 O-O 7. e5 Ne8 8. f4 exd5 9. cxd5 d6 10. Nf3 c4 11. a4 dxe5 12. fxe5 Bg4 $146 ({RR} 12... Nd7 13. Be2 Nb6 14. Bd2 Bb7 15. d6 f6 16. Nxb5 Bxd2+ 17. Qxd2 fxe5 18. a5 Bxf3 19. Bxf3 e4 20. Be2 Nd7 21. O-O-O Kh8 22. Nc7 Nc5 23. Qd5 Nd3+ 24. Bxd3 Nxc7 25. Qxc4 exd3 26. dxc7 Rc8 27. Rhf1 {Royal,S (2455)-Petrov,M (2520) Southend ENG 2024 1-0 (31)}) 13. axb5 Nd7 14. Bf4 Nc7 15. Bxc4 Nb6 16. Be2 Nbxd5 17. Bd2 Bc5 18. Qa4 Qd7 19. Qc4 Bb6 20. Na4 Bxf3 21. Bxf3 Rae8 22. O-O-O Rxe5 (22... Re7) 23. Rhe1 Qf5 24. Rxe5 Qxe5 25. Re1 Qd6 26. Qc6 Rd8 27. Nxb6 axb6 28. Rd1 Ne7 29. Qxd6 Rxd6 30. Be3 Rxd1+ 31. Kxd1 Ned5 32. Bf2 f5 33. Kd2 Kf7 34. Kd3 g5 35. Kc4 Ke6 36. h3 Ke5 37. Bd4+ Kd6 38. g4 f4 39. Be4 h6 40. Bf3 Ke6 41. Bg7 Kf7 42. Bd4 Ke6 43. Bg7 Kf7 44. Bd4 Ke6 45. Be4 Kd6 46. Bh1 Ke6 47. Bf3 Kd6 48. b3 Ke6 49. Bg7 Kf7 50. Bd4 Ke6 51. Bg7 Kf7 52. Bd4 1/2-1/2

[Event "Sharjah Master 2024"]
[Site "Shsrjah - Abu Dhabi"]
[Date "2024.05.20"]
[Round "?"]
[White "Yu, Yangyi"]
[Black "Salem, A.R. Saleh"]
[Result "1/2-1/2"]
[WhiteElo "2728"]
[BlackElo "2629"]
[PlyCount "87"]
[EventDate "2024.05.14"]
[EventCountry "UAE"]

1. e4 c6 2. d4 d5 3. e5 Bf5 4. h4 h5 5. Bd3 Bxd3 6. Qxd3 Qa5+ 7. c3 e6 8. Nf3 Qa6 9. Qd1 Ne7 10. a4 Nf5 11. b4 Nd7 12. Nbd2 $146 ({RR} 12. Na3 Be7 13. Bg5 f6 14. Bf4 fxe5 15. dxe5 Nb6 16. a5 Nc4 17. Qe2 Nxa3 18. Rxa3 d4 19. Bg5 Qxe2+ 20. Kxe2 dxc3 21. a6 bxa6 22. Rxc3 Bxg5 23. hxg5 O-O 24. Rxc6 Rab8 25. Rxe6 Rxb4 26. Rd1 Rb2+ {Vokhidov,S (2596)-Xue,H (2455) Samarkand UZB 2023 ½-½ (54)}) 12... Be7 13. Nb3 Qc4 14. Bb2 f6 15. Na5 Qa6 16. Qe2 Qxe2+ 17. Kxe2 fxe5 18. dxe5 O-O-O 19. Nb3 Rde8 20. a5 Rhf8 21. Bc1 Bd8 22. a6 bxa6 23. Rxa6 Kb7 24. Ra2 Bb6 25. Ba3 $6 {Inaccuracy. Na5+ was best.} (25. Na5+ Bxa5) 25... Nh6 26. c4 Rf4 27. c5 Bc7 28. Rha1 Nf5 29. Bc1 Rxb4 30. Rxa7+ Kc8 31. Ra8+ Nb8 $6 {Inaccuracy. Rb8 was best.} (31... Rb8 32. Bf4 Rxa8 33. Rxa8+ Bb8 34. Ra1 Kb7 35. g3 Ba7 36. Ra5 Bb8 37. Ra1) 32. Na5 Bxa5 33. R1xa5 Re7 34. R5a6 Rb5 35. Ba3 Reb7 36. Rxc6+ Kd7 37. Rb6 R5xb6 38. cxb6 Rxb6 39. Ra7+ Ke8 40. Bc5 Rb5 41. Ra8 Kd7 42. Ra7+ Ke8 43. Ra8 Kd7 44. Ra7+ 1/2-1/2

[Event "Sharjah Master 2024"]
[Site "Shsrjah - Abu Dhabi"]
[Date "2024.05.20"]
[Round "?"]
[White "Suleymanli, Aydin"]
[Black "Sindarov, Javokhir"]
[Result "1-0"]
[WhiteElo "2621"]
[BlackElo "2684"]
[PlyCount "77"]
[EventDate "2024.05.14"]
[EventCountry "UAE"]

{[%evp 16,77,21,25,14,8,32,27,32,29,42,50,40,28,53,54,78,78,74,39,64,64,55,50,60,0,92,79,151,153,150,147,207,117,114,96,113,121,114,81,135,135,131,121,135,126,210,215,265,174,294,300,385,384,407,425,478,482,508,508,681,692,660,624]} 1. e4 e5 2. Nf3 Nc6 3. Bb5 a6 4. Ba4 Nf6 5. O-O Be7 6. d3 b5 7. Bb3 d6 8. a3 O-O 9. Nc3 Na5 10. Ba2 c5 11. b4 Nc6 {White has an edge.} 12. Nd5 a5 $146 {[%cal Ra5b4]} ({RR} 12... Rb8 13. c3 Be6 14. Be3 Nd7 15. Qd2 Kh8 16. d4 Bg4 17. dxc5 dxc5 18. Nxe7 Qxe7 19. Bd5 Qf6 20. Ne1 Rfc8 (20... Rbc8 $16 {was worth a try.}) 21. f4 Be6 22. Nd3 c4 23. Nxe5 Ndxe5 24. fxe5 Qg6 25. a4 Rd8 26. axb5 axb5 27. Ra6 {Babazada,K (2474)-Suleymanli,A (2607) Baku AZE 2024 1-0 (32)}) ({RR} 12... Be6 13. Bd2 h6 14. c3 Re8 15. h3 Bf8 16. Rc1 a5 17. a4 axb4 18. Nxf6+ Qxf6 19. Bxe6 Qxe6 20. axb5 bxc3 21. Bxc3 Nd4 22. Bxd4 $1 exd4 23. Nd2 Reb8 24. Rb1 f5 $1 25. Re1 fxe4 26. Nxe4 Qf7 27. Re2 {Amar,E (2555)-Urkedal,F (2525) Bergen NOR 2024 ½-½ (52)} (27. Nd2 $11)) 13. c4 Nxd5 14. exd5 Nd4 15. Nxd4 cxd4 16. cxb5 a4 17. Bd2 Bd7 18. Rc1 Bxb5 19. Bc4 Bd7 20. Rb1 (20. f4 $14) 20... Qb8 $6 {Inaccuracy. f5 was best.} (20... f5 21. b5 f4 22. f3 Qb6 23. Rb4 Rfb8 24. Rxa4 Rxa4 25. Qxa4 Bxb5 26. Bxb5) (20... f5 $11 {remains equal.}) 21. b5 Bd8 $6 {Inaccuracy. f5 was best.} (21... f5 22. b6 Bd8 23. Rb2 f4 24. Qf3 Rf7 25. Rfb1 Be8 26. Bb5 Bxb5 27. Rxb5) ({Black should try} 21... f5) 22. f4 $16 exf4 23. Bxf4 ({Much less strong is} 23. Rxf4 $6 Re8 $14) 23... Bb6 (23... Re8 $16 {was necessary.} 24. Re1 Bb6) 24. Rb4 $6 {Inaccuracy. Qf3 was best.} (24. Qf3 Re8 25. Bh6 gxh6 26. Qxf7+ Kh8 27. Qxd7 Qd8 28. Qf7 Rb8 29. g3 Bc5) (24. Qe1 $18) 24... Ba5 25. Qxa4 ({Don't play} 25. Rxa4 $6 Bxb5 26. Bxb5 Qxb5 $11) 25... g5 {[#]} 26. Bc1 $1 ({Worse is} 26. Bxg5 Bd8 $17) 26... f5 27. Rb1 (27. Bxg5 $2 Bd8 $17) 27... f4 28. Qd1 Qe8 29. b6 {[%cal Bb5b6,Bb6b7][%mdl 32]} Rb8 30. b7 Rf7 $6 {Inaccuracy. h6 was best.} (30... h6 31. Ba6 Rf7 32. Qh5 Kg7 33. h4 Qe5 {[#]} 34. Rb2 $1 Bc3 35. Re2 Qf5 36. hxg5) (30... Bc3 $16 {is a better defense.} 31. h4 h6) 31. Qh5 $18 Qe5 32. Rb2 $6 {Inaccuracy. h4 was best.} (32. h4 h6 33. Qxh6 Bd8 34. Bd2 Rh7 35. Qg6+ Rg7 36. Qe4 Qxe4 37. dxe4 Ba4) 32... Re7 $2 {Mistake. Qg7 was best.} (32... Qg7 33. h4 h6 34. Ba6 Be8 35. Re2 Rf8 36. Qf3 Bd7 37. Re6 Bxe6 38. dxe6) (32... Qg7 {was called for.} 33. Rff2 Re7) 33. h4 Bc3 $6 {Inaccuracy. Be8 was best.} (33... Be8 34. Qxg5+ Qxg5 35. hxg5 Rexb7 36. Rxb7 Rxb7 37. Bxf4 Rb6 38. Kh2 Kg7 39. Kh3) 34. Rb6 Rg7 $6 {Inaccuracy. Be8 was best.} (34... Be8 35. Qxg5+ Qxg5 36. hxg5 Rbxb7 37. Rxd6 f3 38. Re6 Kg7 39. Rxf3 Rxe6 40. dxe6) 35. hxg5 Rxg5 {White is clearly winning.} 36. Qf3 Rg3 37. Qxf4 Qg7 $2 {Mistake. Bh3 was best.} (37... Bh3 38. Qxe5 Rxg2+ 39. Kh1 dxe5 40. Rh6 Kg7 41. Rxh3 Rg6 42. Rh5 Rxb7 43. Rxe5) 38. Qxd6 Rxg2+ 39. Kh1 {Accuracy: White = 82%, Black = 53%.} 1-0

[Event "Sharjah Master 2024"]
[Site "Shsrjah - Abu Dhabi"]
[Date "2024.05.20"]
[Round "?"]
[White "Pranav, V."]
[Black "Murzin, Volodar"]
[Result "0-1"]
[WhiteElo "2587"]
[BlackElo "2631"]
[PlyCount "128"]
[EventDate "2024.05.14"]
[EventCountry "UAE"]

{[%evp 11,128,26,44,54,56,-7,8,0,0,-51,-61,-43,-58,-84,-23,-17,-21,-28,-20,-21,-18,-27,-28,-42,-51,-111,-69,-69,-69,-70,-70,-58,-62,-71,-51,-65,-28,-46,-30,-20,-26,-53,-50,-44,-44,-48,-49,-44,-52,-63,-62,-73,-39,-34,-39,-32,-30,-53,-30,-251,-259,-245,-255,-326,-316,-414,-392,-401,-400,-426,-419,-433,-425,-432,-425,-438,-428,-563,-405,-500,-496,-552,-385,-385,-380,-380,-379,-379,-359,-374,-366,-373,-362,-357,-353,-369,-370,-366,-367,-364,-361,-385,-382,-387,-377,-388,-383,-390,-389,-388,-385,-385,-385,-385,-360,-385,-375,-400,-394]} 1. e4 c5 2. Nf3 d6 3. d4 cxd4 4. Nxd4 Nf6 5. Nc3 a6 6. Bg5 Nbd7 7. Qe2 ({RR} 7. a3 Qc7 8. Qd2 b5 9. O-O-O Bb7 10. f3 g6 11. Kb1 Bg7 12. Bh6 Bxh6 13. Qxh6 Ne5 (13... O-O-O $14) 14. h4 O-O-O 15. Be2 Kb8 16. g4 Nfd7 ({Black should try} 16... d5 $14) 17. Nd5 Bxd5 (17... Qc5 $16) 18. exd5 Nf6 19. Qd2 $1 Rc8 20. f4 Nc4 21. Bxc4 $1 Qxc4 {Paravyan,D (2612)-Tabatabaei,M (2696) chess.com INT 2024 1-0 (40)}) 7... Qc7 8. g3 $146 ({RR} 8. O-O-O h6 9. Be3 (9. Bh4 $14) 9... e6 10. f3 b5 11. a4 b4 12. Na2 d5 $2 (12... Bb7 $15 {keeps the upper hand.}) 13. exd5 Nxd5 14. Bd2 $2 (14. Nxe6 $1 $16 {[%mdl 512] is forced if you want to stay better.} fxe6 15. Rxd5 {[%mdl 64] Remove Defender}) 14... Be7 15. Qc4 Qxc4 $2 ({Better is} 15... Nc5 $19 16. Nxb4 Nb6) 16. Bxc4 N7b6 17. Bxd5 Nxd5 18. Nc6 $1 a5 19. Nxe7 (19. c4 $5 {[%cal Rc4d5]} bxc3 20. Nxc3 $15) 19... Kxe7 20. Rhe1 Bb7 21. Kb1 g5 22. Nc1 Rac8 {Rodriguez,S (2252)-Dominguez Perez,L (2748) chess.com INT 2024 0-1 (53)}) ({RR} 8. O-O-O b5 (8... h6 $11 9. Bh4 b5) 9. f4 (9. Bxf6 $16 Nxf6 10. Nd5 Nxd5 11. exd5) 9... e5 10. Nf5 h6 11. Bh4 exf4 12. Qd2 g5 13. Bf2 Bb7 14. Kb1 Nc5 (14... O-O-O $16 {might work better.}) 15. Bd4 Be7 (15... Nfxe4 $142 16. Qe2 Qd7) 16. Nd5 $1 {[%cal Rd5c7]} Nxd5 17. exd5 Rh7 $2 (17... O-O-O 18. Bxh8 Rxh8) 18. Re1 f6 19. Bxf6 O-O-O 20. Nxe7+ Kb8 21. Nc6+ Bxc6 22. Bxd8 Qxd8 {Pinero,C (2284)-Salinas Herrera,P (2487) chess.com INT 2024 1-0}) ({RR} 8. O-O-O h6 9. Bh4 g5 (9... g6 $14) 10. Bg3 Ne5 (10... b5 $16) 11. h4 $1 {[%cal Rh4g5]} Rg8 (11... g4 $142) 12. hxg5 hxg5 (12... Rxg5 {was worth a try.} 13. Qe1 Rxg3 14. fxg3 e6) 13. Kb1 $2 (13. Bxe5 $18 {has better winning chances.} dxe5 14. Ndb5 axb5 15. Nxb5) 13... b5 $2 (13... Bd7 $16 {was necessary.}) 14. f3 $2 (14. Bxe5 $18 dxe5 15. Ndxb5) 14... Bb7 15. Bxe5 (15. Qd2 $18) 15... dxe5 16. Nb3 e6 17. Qe3 Bc6 18. Be2 $2 (18. a3 $11) 18... b4 19. Rd3 bxc3 20. Rxc3 Nd7 21. Rd1 Nb8 22. a3 Be7 {Venkatesh,M (2382)-Karttunen,M (2479) chess.com INT 2024 0-1 (94)}) (8. O-O-O $14) 8... h6 9. Bxf6 {The position is equal.} Nxf6 10. Bg2 $6 {Inaccuracy. O-O-O was best.} (10. O-O-O Bd7 11. Bg2 g6 $1 12. f4 e5 13. Nb3 b5 14. a3 Rb8 15. Kb1 Be7) 10... e5 11. Nb3 Be6 12. Nd2 b5 $6 {Inaccuracy. h5 was best.} (12... h5 13. Nf3 Bc4 14. Qd2 g6 15. Ng5 Bh6 16. h4 O-O 17. Bf1 Be6 18. O-O-O) (12... h5 $17) 13. O-O Be7 14. a4 b4 15. Nd5 Nxd5 16. exd5 Bd7 17. f4 O-O 18. Nc4 $6 {Inaccuracy. fxe5 was best.} (18. fxe5) (18. fxe5 $15 dxe5 19. Nc4) 18... e4 19. Bxe4 Bf6 20. Bd3 $1 Qc5+ 21. Kg2 $1 Qxd5+ $6 {Inaccuracy. Rae8 was best.} (21... Rae8) 22. Qe4 Qxe4+ 23. Bxe4 Rac8 (23... Rae8 $5 {[%cal Re8e4]} 24. Bd3 Re6 $15) 24. Nxd6 Rc5 25. Rab1 Be7 26. Nb7 Rc4 27. Bd3 $1 {[%cal Rd3c4]} Rc7 {White must now prevent ...Bc6+.} 28. Na5 Bxa4 29. b3 Bb5 $36 {[%mdl 2048] Black is more active.} 30. Nc4 Bf6 31. Rbd1 Rc5 32. Ne3 Bc6+ 33. Kf2 a5 34. Rfe1 Re8 35. Bc4 $4 {Blunder. Nf5 was best.} (35. Nf5) (35. Nf5 $11) 35... Bc3 $19 36. Re2 {[#]} a4 $1 37. Rd3 Bb2 38. Nd1 $6 {Inaccuracy. bxa4 was best. Hoping for Rxe8+.} (38. bxa4 Rxe3 $1 39. Kxe3 Rxc4 40. a5 Bb5 41. Rf2 Rc8 42. Rd6 Ra8 43. Rb6 Rxa5) 38... Rxe2+ 39. Kxe2 {[#]} Bf6 $1 40. Ne3 a3 41. Ng4 Bc3 42. Rd8+ Kh7 43. Bxf7 g6 44. Ne5 a2 $6 {Inaccuracy. Bxe5 was best.} (44... Bxe5 45. Bg8+ Kg7 46. fxe5 a2 47. Rd1 Kxg8 48. Ra1 Rxc2+ 49. Kd3 Rxh2 50. e6) 45. Bxg6+ $6 {Inaccuracy. Rd1 was best.} (45. Rd1 Kg7 46. Nxc6 Rxc6 47. Bc4 a1=Q 48. Rxa1 Bxa1 49. h4 Rd6 50. Bd3 Re6+) 45... Kg7 46. Nxc6 {intending Ra8.} Rxc6 $6 {[%mdl 4096] Endgame Inaccuracy. a1=Q was best. KRB-KRB} (46... a1=Q 47. Be4 Rxc6 48. Bxc6 Qe1+ 49. Kf3 Qh1+ 50. Kf2 Qxc6 51. Rd3 Kf8 52. f5) 47. Ra8 {Black is winning.} a1=Q ({Not} 47... Rxg6 48. Ra7+ Kg8 49. Rxa2 $15) ({Less strong is} 47... Kxg6 48. Rxa2 Bd4 49. Kf3 $15) 48. Rxa1 Bxa1 49. Be4 Rd6 50. Bd3 Bd4 51. Kf3 Re6 52. Be4 Bg1 53. h3 Bd4 54. g4 Bf6 55. Ke3 Kf8 56. Kf3 Ke7 57. Bd3 Kd6 58. Bc4 Re1 59. Bd3 Kc5 60. g5 hxg5 61. fxg5 Bxg5 62. Kg4 Be7 63. Ba6 Kd4 64. Bd3 Kc3 {Accuracy: White = 63%, Black = 84%.} 0-1